00410nam a2200193Ia 4500003000900000008004100009040001300050040001300063041000800076100001600084245004300100250000900143260001500152260000900167300001100176300001000187490001200197490000700209IT-RoPAU120407s9999 xx 000 0 und d aIT-RoPAU cIT-RoPAU aita aEnrico Joly aSant’Ignazio di Loyola (1491 - 1556) aRoma aDesclée  c1907 a225 p. c18 cm aI Santi v19